PrintProgress časopis o polygrafii a súvisiacich odvetviach

Uložené v:
Podrobná bibliografia
Médium: Seriál
Vydavateľské údaje: Trnava VELDAN 2023
Tagy: Pridať tag
Žiadne tagy, Buďte prvý, kto otaguje tento záznam!

MARC

LEADER 00000nas2a2200000 4500
001 0295258
005 20230704093854.4
022 |a 1339-3804 
245 1 0 |a PrintProgress  |b časopis o polygrafii a súvisiacich odvetviach 
264 1 |a Trnava  |b VELDAN  |c 2023 
773 0 |w eu_un_cat*0158425